000 01459nam a2200277Ia 4500
999 _c53050
_d53050
001 20087
003 GE_BSU
005 20250424173625.0
008 181216s2014||||ge |||||||||||||| ||geo||
020 _a9789941181658
040 _cGE_BSU
041 _ageo
080 _a1+330.12+575.83+123+329.15+37.02 შ-52
245 _aშესავალი თანამედროვე აზროვნებაში :
_b [კრებული : სახელმძღვ. ილიას სახელმწ. უნ-ტის პირველკურსელთათვის]. წ. 2 /
_c ტექსტები თარგმნეს: გიორგი მაისურაძემ [და სხვ.].
250 _aმეოთხე გამოცემა
264 _aთბილისი :
_bილიას სახელმწიფო უნ-ტი,
_c2014.
300 _a612 გვ. ;
_c24 სმ..
541 _h25 ლ.
653 _aგანმანათლებლობა
653 _aკომუნისტური პარტიის მანიფესტი
653 _a თავისუფლება
653 _a ხალხთა სიმდიდრის ბუნება
653 _a სახეობათა წარმოშობა
653 _aშესავალი თანამედროვე აზროვნებაში
942 _cBK
_2udc